=LDR 00000nam 2200000 4500 =001 INLIS000000000045679 =005 20150209081844.0 =006 =007 =008 =020 ##$$a 978-602-221-129-7 =035 ##$$0010-021500000000239 =040 ##$$a NBPDMAT =082 ##$$a 662.1 =090 ##$$a 662.1 $b Jim b =100 ##$$a Jim Pipe =245 ##$$a Batu Baru Penyebab Polus ? / $c Jim Pipe, Penerjemah , Renata Pohan =260 ##$$a Jakarta $b Gading Yanti Prima $c 2013 =300 ##$$a iv, 52 hlm $b Ilus $c 24 cm =650 ##$$a Batubara =700 ##$$a Retna Pohan